| 000 | 01060nam a2200397 a 4500 | ||
|---|---|---|---|
| 003 | AR-BaBNM | ||
| 005 | 20251128205602.0 | ||
| 008 | 082120s2002 ||||||||||||||000 | spa|| | ||
| 020 | _a84-7738-145-3 | ||
| 040 | _cAR-BaBNM | ||
| 100 | 1 | _aMoreno García, Julia | |
| 245 | 0 | 0 | _aEl extremo Oriente, siglo XX |
| 260 |
_aMadrid _bSíntesis _c1992 |
||
| 300 |
_a197 p. _bil. |
||
| 490 | 0 |
_aHistoria Universal: contempóranea _vv. 22 |
|
| 500 | _aCronologías p. 187-194 | ||
| 500 | _aApéndice p. 179-186 | ||
| 504 | _aBibliografía p. 195-197 | ||
| 600 | 0 | 4 | _aEmperador Puyi |
| 650 | 4 | _aRELACIONES INTERNACIONALES | |
| 650 | 4 | _aHISTORIA MODERNA | |
| 650 | 4 | _aHISTORIA POLITICA | |
| 650 | 4 | _aTRATADOS | |
| 650 | 4 | _aGEOPOLITICA | |
| 650 | 4 | _aSOCIALISMO | |
| 651 | 4 | _aInglaterra | |
| 651 | 4 | _aJapón | |
| 651 | 4 | _aEstados Unidos | |
| 651 | 4 | _aChina | |
| 651 | 4 | _aAsia | |
| 653 | _aMAOISMO | ||
| 800 | 1 |
_aPlácido Suárez, Domingo _edirector |
|
| 800 | 1 |
_aHernández Sandoica, Elena _ecoordinador |
|
| 942 | _cBK | ||
| 998 | _cMariana | ||
| 999 |
_c12007 _d12007 |
||